000 00502nam a22001937a 4500
003 MPLRDC
005 20220104123716.0
008 210129b ||||| |||| 00| 0 eng d
020 _a957-544-724-7
082 _a889 LQXL v.193
100 _aLINDA CAJIO
245 _a铁面警长俏郎中
_c众维鱼译
250 _a初版
260 _a
_b希代书版有限公司
_c1994
300 _b
490 _a柔情系列. 193
650 _a西洋小说之中文翻译
942 _cBK
_o889 LQXL v.193
999 _c13566
_d13556